|
|
|
|
| LEADER |
00000nab a2200000 a 4500 |
| 001 |
vtls009000202 |
| 003 |
SK-MaSNL |
| 005 |
20260304153018.0 |
| 008 |
250506c2007 xo br|p|||||||000 b|slo |
| 015 |
|
|
|a SNBRB2007/06
|2 snkbucl
|
| 035 |
|
|
|a (uuid)ccc67516-de61-4bef-8c47-2ab23606256a
|
| 035 |
|
|
|a urn:nbn:sk:snk-abadrt
|
| 035 |
|
|
|a (urnnbn)urn:nbn:sk:snk:ar-a0amz8
|
| 038 |
|
|
|a SNKBUCL
|
| 040 |
|
|
|a SNKBUCL
|b slo
|c SNKBUCL
|e AACR2
|
| 041 |
0 |
|
|a slo
|
| 044 |
|
|
|a xo
|c SK
|
| 080 |
|
|
|a 614.872:534.83:621.778.05.044.4
|2 2001
|
| 080 |
|
|
|a 534.83
|2 2001
|
| 080 |
|
|
|a 621.778.05.044.4
|2 2001
|
| 100 |
1 |
|
|a Hloch, Sergej,
|d 1975-
|4 aut
|9 120559
|
| 245 |
1 |
0 |
|a Hlučnosť a technické možnosti jej znižovania pri delení materiálov vysokorýchlostným hydroabrazívnym prúdom
|c Sergej Hloch
|
| 300 |
|
|
|b Grafy, sch.
|
| 504 |
|
|
|a Bibliogr. odkazy
|
| 650 |
0 |
7 |
|a delenie materiálov
|2 snkbucl
|9 75650
|
| 650 |
0 |
7 |
|a hydroabrazívny prúd
|2 snkbucl
|9 599183
|
| 650 |
0 |
7 |
|a protihlukové opatrenia
|2 snkbucl
|9 82770
|
| 773 |
0 |
|
|t Bezpečná práca
|g Roč. 38, č. 3 (2007), s. 3-7
|x 0322-8347
|
| 850 |
|
|
|a Slovenská národná knižnica
|
| 852 |
|
|
|a Slovenská národná knižnica
|
| 954 |
|
|
|a odborná, vedecká literatúra pôvodná (slovenská)
|2 lita
|
| 958 |
|
|
|a article14
|
| 958 |
|
|
|a OND
|
| 958 |
|
|
|a NB
|
| 958 |
|
|
|a EUIPO
|
| 999 |
|
|
|c 2952083
|d 2954013
|